Llwytho...
Black beauty
| Prif Awdur: | |
|---|---|
| Fformat: | Printed Book |
| Iaith: | English |
| Cyhoeddwyd: |
New york
|
| LEADER | 00356nam a22001217a 4500 | ||
|---|---|---|---|
| 005 | 20151028162631.0 | ||
| 008 | 110615t xxu||||| |||| 00| 0 eng d | ||
| 100 | |a Sewell,Anna |9 30232 | ||
| 245 | |a Black beauty | ||
| 260 | |a New york | ||
| 942 | |c BK |6 _ | ||
| 999 | |c 82888 |d 82888 | ||
| 952 | |0 0 |1 0 |2 ddc |4 0 |6 _ |7 0 |9 102172 |a SOS |b SOS |c REF |d 2011-06-15 |p MS006058 |r 2013-06-14 |w 2011-06-15 |y BK | ||